ARRUPE JESUIT UNIVERSITY

CORONAVIRUS -STOP THE SPREAD - CLEAN,DISINFECT,COVER

The politics of inequality: (Record no. 49587)

MARC details
000 -LEADER
fixed length control field 00533nam a2200217Ia 4500
003 - CONTROL NUMBER IDENTIFIER
control field 0100
005 - DATE AND TIME OF LATEST TRANSACTION
control field 20180228115757.0
008 - FIXED-LENGTH DATA ELEMENTS--GENERAL INFORMATION
fixed length control field 130303s9999 xx 000 0 und d
040 ## - CATALOGING SOURCE
Transcribing agency ARRUPELIB
050 ## - LIBRARY OF CONGRESS CALL NUMBER
Classification number DT779.7.C3 1959
300 ## - PHYSICAL DESCRIPTION
Other physical details 26cm.
100 ## - MAIN ENTRY--PERSONAL NAME
Personal name Carter, Gwendolen Margaret
9 (RLIN) 39751
245 #4 - TITLE STATEMENT
Title The politics of inequality:
Remainder of title South Africa since 1948 /
260 ## - PUBLICATION, DISTRIBUTION, ETC. (IMPRINT)
Place of publication, distribution, etc New York
Name of publisher, distributor, etc Praeger
Date of publication, distribution, etc 1959
300 ## - PHYSICAL DESCRIPTION
Extent 535p.
440 ## - SERIES STATEMENT/ADDED ENTRY--TITLE
Title Books that matter
9 (RLIN) 39752
650 ## - SUBJECT ADDED ENTRY--TOPICAL TERM
Topical term or geographic name as entry element Politic and government
Geographic subdivision South Africa
9 (RLIN) 39753
942 ## - ADDED ENTRY ELEMENTS (KOHA)
Source of classification or shelving scheme Library of Congress Classification
Koha item type Monograph ( Printed materials)
Holdings
Withdrawn status Lost status Source of classification or shelving scheme Damaged status Not for loan Collection code Home library Current library Date acquired Total Checkouts Full call number Barcode Date last seen Copy number Price effective from Koha item type
    Library of Congress Classification     Main Collection ARRUPE LIBRARY ARRUPE LIBRARY 04/03/2013   DT779.7.C3 1959 46600000544 07/12/2017 1 04/03/2013 Monograph ( Printed materials)

 

Arrupe Library. PO Box MP320 Mt Pleasant, Harare, Zimbabwe
263 242 745411|librarian@aju.ac.zw